[Event "Florianopolis op 6th"]
[Site "Florianopolis"]
[Date "2020.01.25"]
[Round "9"]
[White "Moreira, Carolina Ziemer Vil"]
[Black "Fante, Gabriel"]
[Result "0-1"]
[WhiteElo "1152"]
[BlackElo "1673"]
[PlyCount "72"]
[EventDate "2020.01.20"]
[EventType "swiss"]
[EventRounds "10"]
[EventCountry "BRA"]
[SourceTitle "CBM 194 Extra"]
[Source "ChessBase"]
[SourceDate "2020.03.31"]
[SourceVersion "1"]
[SourceVersionDate "2020.03.31"]
[SourceQuality "1"]

1. e4 e6 2. d4 b6 3. Nc3 Bb7 4. Nf3 Bb4 5. Bd3 Nf6 6. e5 Ne4 7. Bxe4 Bxe4 8. 0-0 Bb7 9. a3 Be7 10. Re1 0-0 11. d5 Na6 12. h3 exd5 13. Nxd5 Nc5 14. Nxe7+ Qxe7 15. b4 Ne6 16. Bb2 a5 17. Bc3 Rfd8 18. Re3 d5 19. exd6 Rxd6 20. Qe2 axb4 21. Bxb4 c5 22. Bc3 h6 23. Bb2 Qd8 24. Bc3 Nf4 25. Qe1 Nd5 26. Rd3 c4 27. Rdd1 Nxc3 28. Rxd6 Qxd6 29. Qxc3 Qf4 30. Rb1 Bxf3 31. gxf3 Rb8 32. Rb4 b5 33. a4 Rb6 34. axb5 Rg6+ 35. Kf1 Qc1+ 36. Ke2 Re6+ 0-1

[Event "Florianopolis op 6th"]
[Site "Florianopolis"]
[Date "2020.01.25"]
[Round "8"]
[White "Weise, William Ferreira"]
[Black "Moreira, Carolina Ziemer Vil"]
[Result "1-0"]
[WhiteElo "1805"]
[BlackElo "1152"]
[PlyCount "47"]
[EventDate "2020.01.20"]
[EventType "swiss"]
[EventRounds "10"]
[EventCountry "BRA"]
[SourceTitle "CBM 194 Extra"]
[Source "ChessBase"]
[SourceDate "2020.03.31"]
[SourceVersion "1"]
[SourceVersionDate "2020.03.31"]
[SourceQuality "1"]

1. e4 c5 2. Nf3 a6 3. d4 cxd4 4. Nxd4 Nf6 5. Nc3 e5 6. Nb3 Bb4 7. Bd3 d5 8. exd5 Nxd5 9. Bd2 Nxc3 10. bxc3 Bd6 11. 0-0 0-0 12. c4 Nd7 13. Bc3 Re8 14. Bxh7+ Kxh7 15. Qxd6 Kg8 16. Rad1 f6 17. Nc5 Re7 18. Ne6 Rxe6 19. Qxe6+ Kh7 20. Rd3 Nc5 21. Rh3+ Kg6 22. Rg3+ Kh7 23. Qf7 Qg8 24. Qh5# 1-0

[Event "Florianopolis op 6th"]
[Site "Florianopolis"]
[Date "2020.01.24"]
[Round "7"]
[White "Moreira, Carolina Ziemer Vil"]
[Black "Ferraz, Joao Vitor Koenig"]
[Result "1-0"]
[WhiteElo "1152"]
[BlackElo "1649"]
[PlyCount "53"]
[EventDate "2020.01.20"]
[EventType "swiss"]
[EventRounds "10"]
[EventCountry "BRA"]
[SourceTitle "CBM 194 Extra"]
[Source "ChessBase"]
[SourceDate "2020.03.31"]
[SourceVersion "1"]
[SourceVersionDate "2020.03.31"]
[SourceQuality "1"]

1. e4 c5 2. c3 Nf6 3. e5 Nd5 4. d4 d6 5. Nf3 e6 6. dxc5 dxc5 7. Bc4 Be7 8. 0-0 0-0 9. Be2 b6 10. c4 Nb4 11. Nc3 Bb7 12. Bf4 f6 13. a3 N4c6 14. exf6 gxf6 15. Nb5 e5 16. Bh6 Qxd1 17. Rfxd1 Rc8 18. Nd6 Bxd6 19. Rxd6 Kf7 20. Nh4 Nd4 21. Bg4 Rg8 22. Bf5 Nf3+ 23. Nxf3 Ke7 24. Re6+ Kf7 25. Nh4 Nc6 26. Rd6 Nd4 27. Rd7+ 1-0

[Event "Florianopolis op 6th"]
[Site "Florianopolis"]
[Date "2020.01.21"]
[Round "2"]
[White "Moreira, Carolina Ziemer Vil"]
[Black "Ribeiro, Fabiano Pinto"]
[Result "0-1"]
[WhiteElo "1152"]
[BlackElo "1798"]
[PlyCount "110"]
[EventDate "2020.01.20"]
[EventType "swiss"]
[EventRounds "10"]
[EventCountry "BRA"]
[SourceTitle "CBM 194 Extra"]
[Source "ChessBase"]
[SourceDate "2020.03.31"]
[SourceVersion "1"]
[SourceVersionDate "2020.03.31"]
[SourceQuality "1"]

1. e4 c5 2. c3 d5 3. exd5 Qxd5 4. Na3 a6 5. Nf3 e6 6. Be2 Nf6 7. 0-0 Nc6 8. Nc2 Be7 9. d4 0-0 10. Be3 c4 11. Bg5 b5 12. Ne3 Qd6 13. b3 cxb3 14. axb3 Bb7 15. Qc2 Rac8 16. Qb2 e5 17. Nf5 Qe6 18. Nxe7+ Qxe7 19. Rfd1 exd4 20. Nxd4 Nxd4 21. Rxd4 Qe5 22. Bxf6 Qxf6 23. Rd7 Qc6 24. Rxb7 Qxb7 25. Bf3 Qb6 26. g3 Rc7 27. Kg2 h6 28. Rc1 Qf6 29. Be2 Rd8 30. Qa2 Rcd7 31. Rc2 Rd6 32. c4 bxc4 33. Bxc4 Qg5 34. b4 Rf6 35. Bxa6 Qg4 36. Be2 Qxb4 37. Rb2 Qd4 38. Bf3 Qd3 39. Be2 Qd5+ 40. f3 Qxa2 41. Rxa2 Rc6 42. Ra1 Rc2 43. Kf2 Re8 44. Re1 Rb2 45. Kf1 g6 46. Kf2 Reb8 47. Ke3 Rb1 48. Kf2 Kg7 49. Rg1 Rxg1 50. Kxg1 Rb2 51. Kf2 f5 52. h4 Kf6 53. Kf1 Ke5 54. f4+ Ke4 55. Kf2 h5 0-1

[Event "Sao Paulo ECP op 5th"]
[Site "Sao Paulo"]
[Date "2019.12.01"]
[Round "6"]
[White "Casante, Tatiana de Mendonca"]
[Black "Moreira, Carolina Ziemer Vil"]
[Result "1-0"]
[WhiteElo "1555"]
[BlackElo "1097"]
[PlyCount "99"]
[EventDate "2019.11.29"]
[EventType "swiss"]
[EventRounds "6"]
[EventCountry "BRA"]
[SourceTitle "CBM 193 Extra"]
[Source "ChessBase"]
[SourceDate "2020.01.31"]
[SourceVersion "1"]
[SourceVersionDate "2020.01.31"]
[SourceQuality "1"]

1. e4 c5 2. Nf3 a6 3. c3 d5 4. exd5 Qxd5 5. d4 cxd4 6. Qxd4 Qxd4 7. Nxd4 e5 8. Nf3 Nc6 9. Bd3 Nf6 10. Nbd2 Bc5 11. Ne4 Nxe4 12. Bxe4 Bd7 13. 0-0 0-0 14. Bxc6 Bxc6 15. Nxe5 Rac8 16. Nxc6 Rxc6 17. Bf4 Rb6 18. b4 Be7 19. Rfe1 Bf6 20. Be5 Bg5 21. f4 Bd8 22. Bd4 Rc6 23. Bc5 Bb6 24. Bxb6 Rxb6 25. Rad1 Rc8 26. Rd3 h6 27. Re7 Kf8 28. Rdd7 Rxc3 29. Rxf7+ Ke8 30. Rc7 Rxc7 31. Rxc7 Rxb4 32. Rxg7 Rxf4 33. Rxb7 Rf6 34. Rb2 Kf7 35. Rf2 Kg6 36. Rxf6+ Kxf6 37. Kf2 Kf5 38. Kf3 a5 39. h3 h5 40. g4+ hxg4+ 41. hxg4+ Kg5 42. Kg3 a4 43. a3 Kf6 44. Kf4 Kg6 45. g5 Kg7 46. Kf5 Kf7 47. g6+ Kg7 48. Kg5 Kf8 49. Kh6 Kg8 50. g7 1-0

[Event "Sao Paulo op-C U1700 8th"]
[Site "Sao Paulo"]
[Date "2019.10.19"]
[Round "3"]
[White "Pereira Fo, Hildebrando Apolon"]
[Black "Moreira, Carolina Ziemer Vil"]
[Result "1-0"]
[WhiteElo "1584"]
[BlackElo "1099"]
[PlyCount "105"]
[EventDate "2019.10.17"]
[EventType "swiss"]
[EventRounds "6"]
[EventCountry "BRA"]
[SourceTitle "CBM 192 Extra"]
[Source "Chessbase"]
[SourceDate "2019.11.06"]
[SourceVersion "1"]
[SourceVersionDate "2019.11.06"]
[SourceQuality "1"]

1. c4 e5 2. Nc3 Nc6 3. Nf3 f5 4. d3 Bb4 5. Bd2 Bxc3 6. Bxc3 d6 7. g3 Nf6 8. Bg2 0-0 9. 0-0 Qe8 10. Qd2 Qh5 11. Qg5 h6 12. Qxh5 Nxh5 13. Nh4 Bd7 14. Rad1 f4 15. Bd5+ Kh7 16. Be4+ Kg8 17. d4 fxg3 18. hxg3 Nf6 19. Bxc6 Bxc6 20. dxe5 dxe5 21. Bxe5 Rae8 22. Bxf6 Rxf6 23. Rd2 g5 24. Ng2 Rfe6 25. e3 h5 26. Rd4 Kh7 27. Rfd1 Kh6 28. Ne1 Re4 29. Nc2 R4e7 30. Rd8 h4 31. Kh2 hxg3+ 32. Kxg3 Kh5 33. Rxe8 Rxe8 34. Nb4 Be4 35. Nd5 Bxd5 36. Rxd5 Kg6 37. Rd7 Rc8 38. Kg4 Kh6 39. e4 Rf8 40. f3 Rc8 41. e5 Kg6 42. f4 Rf8 43. fxg5 Re8 44. Kf4 Rf8+ 45. Ke4 Kxg5 46. Rg7+ Kh6 47. Rxc7 Rb8 48. e6 Kg6 49. Ke5 a6 50. b4 Kh6 51. Kf6 Rf8+ 52. Rf7 Rxf7+ 53. exf7 1-0

[Event "Sao Paulo STD U2200 op 5th"]
[Site "Sao Paulo"]
[Date "2019.09.01"]
[Round "5"]
[White "Moreira, Carolina Ziemer Vil"]
[Black "Aragao Neto, Joao Batista"]
[Result "0-1"]
[WhiteElo "1102"]
[BlackElo "1786"]
[PlyCount "96"]
[EventDate "2019.08.30"]
[EventType "swiss"]
[EventRounds "6"]
[EventCountry "BRA"]
[SourceTitle "CBM 195 Extra"]
[Source "ChessBase"]
[SourceDate "2020.05.31"]
[SourceVersion "1"]
[SourceVersionDate "2020.05.31"]
[SourceQuality "1"]

1. e4 c5 2. c3 d5 3. exd5 Qxd5 4. d4 e6 5. Nf3 Nf6 6. Be3 cxd4 7. Qxd4 Nc6 8. Qxd5 Nxd5 9. Bc4 Nxe3 10. fxe3 Bc5 11. Nd4 Bd7 12. Kf2 0-0-0 13. Nd2 Ne5 14. Be2 Nc6 15. Rad1 f5 16. b4 Be7 17. Bb5 e5 18. Nxc6 bxc6 19. Ba6+ Kc7 20. Nc4 Bh4+ 21. g3 Bf6 22. Na5 Be6 23. Bc4 Bxc4 24. Nxc4 e4 25. Rxd8 Rxd8 26. Rc1 Rd3 27. a3 Bxc3 28. Ke2 Kd7 29. a4 Ke6 30. b5 cxb5 31. axb5 Kd5 32. Na3 Bb2 33. Rc7 Rxa3 34. Rf7 Bf6 35. Kf2 Ra5 36. Rb7 Kc5 37. h3 Rxb5 38. Rxa7 Rb2+ 39. Kg1 Re2 40. Ra5+ Kc4 41. Rxf5 Rxe3 42. Kf2 Rd3 43. Rf4 Bd4+ 44. Kg2 e3 45. Kf1 Rd2 46. Re4 Kd3 47. Re8 Rd1+ 48. Kg2 e2 0-1